000 00356nam a2200145Ia 4500
008 240830s1989 xx 000 0 und d
041 _aeng
082 _a0 RAJ
100 _aRAJWADE N.S.
245 _aKOAIMARBHRATYA TANTRA STREE VIDNYAN
260 _bM.V.GRANTH MANDAL , NAGPUR
_c1989
650 _aBAL-ROG
906 _aN.D.
999 _c1194042
_d1194042